Řeckořímský flám /

Dobrodružné vyprávění českého autora, jehož hrdina se v komunistickém Československu vydává na cestu po Egejském moři.

Hlavní autor: Král, Zdenek, 1945-
Jazyk: Čeština
Vydáno: Třebíč : Akcent, 2024
Vydání: Vydání v Akcentu první
Témata:
Fyzický popis: 157 stran : ilustrace ; 22 cm
Knihy
Uloženo v:
LEADER 01717nam a2200409 i 4500
001 nkc20243633157
003 CZ PrNK
005 20241119110034.0
007 ta
008 240924s2024 xr a g 000 j cze
015 |a cnb003633157 
020 |a 978-80-7497-493-9  |q (vázáno)  |z 978-8074974939 
035 |a (OCoLC)1477950955 
040 |a ABG001  |b cze  |d BOA001  |e rda 
072 7 |a 821.162.3-3  |x Česká próza  |2 Konspekt  |9 25 
080 |a 821.162.3-32  |2 MRF 
080 |a (0:82-321.8)  |2 MRF 
100 1 |a Král, Zdenek,  |d 1945-  |7 xx0118036  |4 aut 
245 1 0 |a Řeckořímský flám /  |c Zdenek Král 
250 |a Vydání v Akcentu první 
264 1 |a Třebíč :  |b Akcent,  |c 2024 
300 |a 157 stran :  |b ilustrace ;  |c 22 cm 
336 |a text  |b txt  |2 rdacontent 
337 |a bez média  |b n  |2 rdamedia 
338 |a svazek  |b nc  |2 rdacarrier 
520 2 |a Dobrodružné vyprávění českého autora, jehož hrdina se v komunistickém Československu vydává na cestu po Egejském moři.  |b První část příběhu z konce osmdesátých let minulého století se odehrává na jachtě během plavby po Egejském moři, druhá pak za následné cesty dvou kamarádů stopem a pěšky východní a jižní "kapitalistickou" Evropou. Nakladatelská anotace. 
655 7 |a české příběhy  |7 fd133973  |2 czenas 
655 7 |a cestopisné příběhy  |7 fd131820  |2 czenas 
655 9 |a Czech stories  |2 eczenas 
655 9 |a travel stories  |2 eczenas 
910 2 |a BOA001  |b 2-1533.197 
920 |a 5014373  |z ABG001 
928 9 |a Drahomír Rybníček - Akcent 
990 |a BK 
995 |a 01 
991 |b 202410  |c NOV 
996 6 |b 2610983057  |c 2-1533.197  |l MZK  |r Sklad / do 1 hodiny  |n 0  |p p.v.  |w 001981090  |u 000010  |a 1  |e BOA001  |j MZK50  |s P